000 00272nam a22001097a 4500
082 _a737.695491 MAR'P
100 _aMARTIN, D. R COL
_977828
245 _aPAKISTAN OVERPRINTS ON INDIAN STAMPS 1848-49
260 _aLONDON
_bROSON LOWE
_c1974
300 _a146P
942 _cBK
999 _c583037
_d583037